| 000 | 00684naa a2200205 4500 | ||
|---|---|---|---|
| 001 | 2162214035924844 | ||
| 003 | UA-OsUOA | ||
| 005 | 20240404095414.0 | ||
| 008 | 240404b un ||||| |||| 00| 0 ukr d | ||
| 040 |
_aUA-OsUOA _bukr _cUA-OsUOA _dUA-OsUOA |
||
| 041 | _aukr | ||
| 080 | _a908 | ||
| 090 | _a908 | ||
| 100 |
_aЛіщук Д. _92270 |
||
| 245 |
_aПеріодизація старослов'янських Кормчих книг _cДмитро Ліщук |
||
| 300 | _aС. 24–27 | ||
| 650 | _2UDC | ||
| 773 | 0 |
_0573670 _9468383 _aЛіщук Д. _dЧернівці Яворський С. Н. 2021 _o165429 _tКостянтинівська Корчма |
|
| 942 |
_2udc _cBKA |
||
| 999 |
_c576079 _d576079 |
||